Totum hominis, or, The whole duty of a Christian, consisting in faith and good life : abridged in certain sermons expounding Paul's prayer for the Thessalonians, Epist. 2, Chap. 1, Vers. 11, 12 /

Bibliographic Details
Main Author: Wales, Samuel
Other Authors: Wharton, Philip Wharton, Baron, 1613-1696, Wharton, Thomas, Sir
Format: Microform Book
Language:English
Edition:The second edition
Series:Early English books, 1641-1700 ; 1695:8.
Subjects:

MARC

Tag First Indicator Second Indicator Subfields
LEADER 00000cam a2200000 a 4500
001 in00000949607
005 20150926131308.0
007 hd afa013baca
007 hd bfa013baaa
008 890503r19861681miu a 00010 eng d
035 |a (OCoLC)19647337 
035 |9 AET7031AM 
037 |a CL0037000062  |b University Microfilms International 
037 |b University Microfilms International, 300 N. Zeeb Rd., Ann Arbor, MI 48106 
040 |a EAG  |c EAG  |d UtOrBLW 
049 |a TXAI 
090 |a BV4520  |b .W34 1681 
099 |a film   |a  B   |a  3609 
100 1 |a Wales, Samuel. 
245 1 0 |a Totum hominis, or, The whole duty of a Christian, consisting in faith and good life :  |b abridged in certain sermons expounding Paul's prayer for the Thessalonians, Epist. 2, Chap. 1, Vers. 11, 12 /  |c by the late reverend and worthy Mr. Samuel Wales ... 
250 |a The second edition  |b with the occasion of re-printing it, as also a prefatory epistle from the Lord Wharton and Sir Thomas Wharton his brother to their children. 
264 3 |a London :  |b Printed by T.B. for Benjamin Alsop ...,  |c 1681. 
300 |a 36 unnumbered pages, 197 pages 
336 |a text  |b txt  |2 rdacontent 
337 |a microform  |b h  |2 rdamedia 
338 |a microfilm reel  |b hd  |2 rdacarrier 
500 |a Imperfect: pages 33-34 lacking; faded, stained, with print show-through and some loss of print. 
500 |a Reproduction of original in the Union Theological Seminary Library. 
510 4 |a Wing  |c W296 
533 |a Microfilm.  |b Ann Arbor, Mich. :  |c University Microfilms International,  |d 1986.  |e 1 microfilm reel ; 35 mm.  |f (Early English books, 1641-1700 ; 1695:8) 
500 |a Microform. 
650 0 |a Christian life. 
650 0 |a Faith. 
630 0 0 |a Bible.  |p Thessalonians, 1st, I, 11-12  |x Criticism, interpretation, etc. 
700 1 |a Wharton, Philip Wharton,  |c Baron,  |d 1613-1696. 
700 1 |a Wharton, Thomas,  |c Sir. 
740 0 |a Totum hominis. 
740 0 |a Whole duty of a Christian, consisting in faith and good life. 
830 0 |a Early English books, 1641-1700 ;  |v 1695:8. 
999 |a MARS 
999 f f |s 1238b454-349d-3477-baea-e80f9ac22ddc  |i be79bd7d-c333-32af-9880-ad846230556b  |t 0 
952 f f |p default  |a Texas A&M University  |b College Station  |c Sterling C. Evans Library  |d Evans: Microforms (3rd floor)  |t 0  |e film B 3609 1695:8  |h Other scheme  |i microform -- microfilm reel 
998 f f |a film B 3609 1695:8  |t 0  |l Evans: Microforms (3rd floor)